| 000 | 00474nam a22001817a 4500 | ||
|---|---|---|---|
| 003 | CEME | ||
| 005 | 20210628202138.0 | ||
| 008 | 210113b xxu||||| |||| 00| 0 eng d | ||
| 020 | _a9789339205072 | ||
| 040 | _c. | ||
| 082 | _a658.314 BUS | ||
| 100 |
_aBustin, Greg _958444 |
||
| 245 | _aAccountability, the key to driving a high performance culture | ||
| 260 |
_aINDIA _bMCGRAW HILL _c2014 |
||
| 300 | _aXX, 295P | ||
| 650 |
_aACCOUNTABILITY _958445 |
||
| 942 |
_cBK _2ddc |
||
| 999 |
_c568646 _d568646 |
||